Veslování pro trenéry 3. třídy

Bibliographic Details
Main Author: Poustecká, Marta (Author)
Format: Book
Language:Undetermined
PhysicalDescription:87 s.
Published: Praha Olympia 1986

MARC

LEADER 00000nam a2200000 a 4500
001 vtls001304341
003 SK-MaSNL
005 20260301113806.0
008 240313s1986 xx 0 und
035 |a SNK000256536 
040 |a SNK  |b slo  |c SNK  |e AACR2 
100 1 |a Poustecká, Marta  |4 aut  |9 456399 
245 1 |a Veslování pro trenéry 3. třídy 
260 |a Praha  |b Olympia  |c 1986 
300 |a 87 s. 
958 |a OND 
999 |c 715827  |d 717757 
952 |t P60, <04>, [BOOK], {604}  |a SNK  |b SNK  |y VYP  |7 0  |p 17A0099263  |o snkIB 57623 D1  |0 0  |1 1  |4 0  |d 1997-09-30  |l 0  |r 2005-01-02 00:00:00  |w 2026-02-23